000 00371nam a2200157Ia 4500
008 240729s9999 xx 000 0 und d
022 _a2610-3540
245 0 _aVolcanica
260 _aFrance
260 _bVolcanica
650 _a Geology
650 _aScience
856 _uhttps://doaj.org/toc/d25b204c9aeb4c04aa010942be616ddd
942 _2ddc
942 _cDOAJEJ
999 _c70136
_d70136
945 _a1
_bMadushi Gamage
_c1
_dMadushi Gamage